| 000 | 00582nam a2200205 a 4500 | ||
|---|---|---|---|
| 005 | 20140310183159.0 | ||
| 008 | 021114s19uu xx 00 eng d | ||
| 020 | _a9814119156 | ||
| 050 |
_aQA 76.76.O63 _b.D261 2002 |
||
| 100 | _aDavis, William S. | ||
| 245 |
_aOperating system : _ba systematic view / _cWilliam S. Davis. |
||
| 250 | _a5th | ||
| 260 |
_aSingapore : _bAddison Welsey Longman, Inc., _c2002. |
||
| 300 |
_a605 p. : _bill. ; _c23 cm. |
||
| 521 | _aIT | ||
| 650 | _aOperating systems ( computers ) | ||
| 942 |
_cBK _2lcc _kFOR |
||
| 999 |
_c19831 _d19831 |
||